000 00322nam a2200145Ia 4500
008 191201s2009 xx 000 0 und d
082 _a621.38173
_bSZV
100 _aSZE, S.M.
245 0 _aVLSI Technology
250 _aImp
260 _aN.Delhi
_bTMH
_c2009
300 _a584
650 _aB.Tech(ECE)
942 _2ddc
_cBK
999 _c3468
_d3468